|
|
|
|
| LEADER |
00000cam a22000004a 4500 |
| 001 |
musev2_14552 |
| 003 |
MdBmJHUP |
| 005 |
20230905041608.0 |
| 006 |
m o d |
| 007 |
cr||||||||nn|n |
| 008 |
100405s2010 nyu o 00 0 eng d |
| 010 |
|
|
|z 2010013604
|
| 020 |
|
|
|a 9780823249145
|
| 020 |
|
|
|z 0823232808
|
| 020 |
|
|
|z 9780823232802
|
| 035 |
|
|
|a (OCoLC)667537238
|
| 040 |
|
|
|a MdBmJHUP
|c MdBmJHUP
|
| 050 |
0 |
4 |
|a PR2819
|b .S86 2010
|
| 082 |
0 |
|
|a 822.3/3
|2 22
|
| 100 |
1 |
|
|a Sun, Emily.
|
| 245 |
1 |
0 |
|a Succeeding King Lear :
|b Literature, Exposure, and the Possibility of Politics /
|c Emily Sun.
|
| 250 |
|
|
|a 1st ed.
|
| 264 |
|
1 |
|a New York :
|b Fordham University Press,
|c 2010.
|
| 264 |
|
3 |
|a Baltimore, Md. :
|b Project MUSE,
|c 2012
|
| 264 |
|
4 |
|c ©2010.
|
| 300 |
|
|
|a 1 online resource (176 pages):
|b ill. ;
|
| 336 |
|
|
|a text
|b txt
|2 rdacontent
|
| 337 |
|
|
|a computer
|b c
|2 rdamedia
|
| 338 |
|
|
|a online resource
|b cr
|2 rdacarrier
|
| 504 |
|
|
|a Includes bibliographical references and index.
|
| 505 |
0 |
|
|a Shakespeare. Sovereignty, exposure, theater: a reading of King Lear -- Wordsworth. Wordsworth on the heath: tragedy, autobiography, and the revolutionary spectator; Poetry against indifference : responding to "The discharged soldier" -- Agee and Evans. From the division of labor to the discovery of the common: James Agee and Walker Evans's Let us now praise famous men.
|
| 588 |
|
|
|a Description based on print version record.
|
| 600 |
1 |
0 |
|a Evans, Walker,
|d 1903-1975
|x Criticism and interpretation.
|
| 600 |
1 |
0 |
|a Agee, James,
|d 1909-1955
|x Criticism and interpretation.
|
| 600 |
1 |
0 |
|a Wordsworth, William,
|d 1770-1850
|x Criticism and interpretation.
|
| 600 |
1 |
0 |
|a Shakespeare, William,
|d 1564-1616
|x Influence.
|
| 600 |
1 |
0 |
|a Shakespeare, William,
|d 1564-1616.
|t King Lear.
|
| 650 |
|
0 |
|a Politics and literature.
|
| 650 |
|
0 |
|a Sovereignty in literature.
|
| 650 |
|
0 |
|a Politics in literature.
|
| 655 |
|
7 |
|a Electronic books.
|2 local
|
| 710 |
2 |
|
|a Project Muse.
|e distributor
|
| 830 |
|
0 |
|a Book collections on Project MUSE.
|
| 856 |
4 |
0 |
|z Texto completo
|u https://projectmuse.uam.elogim.com/book/14552/
|
| 945 |
|
|
|a Project MUSE - Custom Collection
|
| 945 |
|
|
|a Project MUSE - 2010 Literature
|
| 945 |
|
|
|a Project MUSE - 2010 Complete
|